000 01134nam a2200277 a 4500
003 AR-RoUNCS
005 20260306112713.0
007 ta
008 211116s2007 ag jr 001 f spa
015 _aAR-2007
020 _a978-950-1054-9
040 _aAR-BaBN
_bspa
_cAR-RoUNCS
_eaacr
044 _aag
_car-b
080 1 _a82-311.6(82)
_22016
100 1 _aOtero, Rodolfo,
_d1949-
_eautor
_4aut
245 1 0 _aMilla Loncó /
_cRodolfo Otero.
260 _aBuenos Aires :
_bEstrada,
_c2007.
300 _a264 p. ;
_c19 cm.
490 0 _aColección Azulejos. Serie Roja ;
_v10
520 3 _aEsta novela transcurre en el verano de 1876 a 1877. El protagonista, un chico de 12 años, se traslada con su familia de Buenos Aires a Trenque Lauquen, donde su padre ha sido designado médico del regimiento "3 de caballería", a cargo del Coronel Villegas. A partir de ese instante, un mundo lleno de aventuras se abre ante él.
_c(Descripción del editor).
586 _aPremio Robin Hood, 1983
650 7 _2embne
_aLiteratura argentina
655 7 _aNovelas históricas
_2embne
655 7 _aNovelas juveniles
_2embne
942 _2udc
_cOG
_n0
999 _c944
_d944